Jatropha curcas : an energy crop : bachelor thesis [πτυχιακή εργασία]
Αποθηκεύτηκε σε:
| Κύριος συγγραφέας: | |
|---|---|
| Συγγραφή απο Οργανισμό/Αρχή: | |
| Άλλοι συγγραφείς: | |
| Μορφή: | Thesis Βιβλίο |
| Γλώσσα: | English |
| Δημοσίευση: |
2014
|
| Θέματα: | |
| Διαθέσιμο Online: | http://hdl.handle.net/11610/10472 |
| Ετικέτες: |
Προσθήκη ετικέτας
Δεν υπάρχουν, Καταχωρήστε ετικέτα πρώτοι!
|
MARC
| LEADER | 00000cam a2200000 i 4500 | ||
|---|---|---|---|
| 001 | 1/64088 | ||
| 008 | 150119s2014 eng d | ||
| 035 | |l 10120524 | ||
| 040 | |a GR-MY-UA |b gre |e aacr | ||
| 041 | 0 | |a eng | |
| 082 | 0 | |a 662.88 |2 (22) | |
| 100 | 1 | |a Τζορέλα, Βαλεντίνα. | |
| 245 | 1 | 0 | |a Jatropha curcas : |b an energy crop : bachelor thesis [πτυχιακή εργασία] / |c Tzorela Valentina ; supervisor: Dias Haralampopoulos, Jongschaap Raymond |
| 260 | |c 2014 | ||
| 300 | |a 43 σ.; |c 30 εκ. | ||
| 502 | |a Πτυχιακή εργασία – Πανεπιστήμιο Αιγαίου, Λέσβος, 2014. | ||
| 504 | |a Βιβλιογραφία: σ. 41-43 | ||
| 650 | 0 | 0 | |a Energy crops. |
| 650 | 0 | 0 | |a Agriculture and energy. |
| 650 | 0 | 0 | |a Biomass energy. |
| 650 | 0 | 0 | |a Dissertations, Academic |z Greece. |
| 700 | 1 | |a Χαραλαμπόπουλος, Δίας. |4 ths | |
| 710 | 2 | |a Πανεπιστήμιο Αιγαίου. |b Σχολή Περιβάλλοντος. |b Τμήμα Περιβάλλοντος. | |
| 852 | |a INST |b LESVOS |c DIATR |e 20150119 |h 1639 |p 005100056275 |q 005100056275 |t DIE |y 23 | ||
| 852 | |a INST |b LESVOS |c DIATR |e 20150119 |h 1640 |p 005100056274 |q 005100056274 |t DIE |y 23 | ||
| 856 | |u http://hdl.handle.net/11610/10472 | ||
| 901 | |a BIBL1-2015-1 | ||
| 909 | |a Λ |b 191496 | ||
| 909 | |a Λ |b 191497 | ||
| 924 | |a ΤΖΟΡΕΛΑ |b ΒΑΛΕΝΤΙΝΑ |y ΛΕΣΒΟΣ |z 2015-01 | ||
| 970 | |a ΤΖΑΦΕΡΗ |b ΕΥΑΓΓΕΛΙΑ |z 2015/01/19 | ||